State Bank of India SBI PO Exam Goal Post : Test Cracker (Record no. 95676)

MARC details
000 -LEADER
fixed length control field 00621nam a2200229Ia 4500
005 - DATE AND TIME OF LATEST TRANSACTION
control field 20230426032241.0
008 - FIXED-LENGTH DATA ELEMENTS--GENERAL INFORMATION
fixed length control field 230125s9999 xx 000 0 und d
020 ## - INTERNATIONAL STANDARD BOOK NUMBER
International Standard Book Number 978-81-265-7553-4
041 ## - LANGUAGE CODE
Language code of text/sound track or separate title eng
082 ## - DEWEY DECIMAL CLASSIFICATION NUMBER
Classification number 153.94
Item number WIL
100 ## - MAIN ENTRY--PERSONAL NAME
Author Wiley Publications Pvt. Ltd.
245 ## - TITLE STATEMENT
Title State Bank of India SBI PO Exam Goal Post : Test Cracker
260 ## - PUBLICATION, DISTRIBUTION, ETC.
Date of publication, distribution, etc. 2018
Name of publisher, distributor, etc. Wiley India (p) Ltd
Place of publication, distribution, etc. Noida,Up
300 ## - PHYSICAL DESCRIPTION
Extent 373p
Dimensions Paper Back
440 ## - SERIES STATEMENT/ADDED ENTRY--TITLE
Volume/sequential designation 1
500 ## - GENERAL NOTE
Keywords Aptitude Tests<br/>
650 ## - SUBJECT ADDED ENTRY--TOPICAL TERM
Topical term or geographic name entry element Aptitude Tests
700 ## - ADDED ENTRY--PERSONAL NAME
Personal name Wiley Publications Pvt. Ltd.
942 ## - ADDED ENTRY ELEMENTS (KOHA)
Koha item type Books
906 ## - LOCAL DATA ELEMENT F, LDF (RLIN)
b 27
Holdings
Withdrawn status Lost status Damaged status Not for loan Home library Current library Date acquired Vendor Net Price Bill number Total Checkouts Total Renewals Full call number Barcode Date last seen Date last checked out Actual Price Bill Date Koha item type Original Barcode
        Smt. Hiraben Nanavati Institute of Management & Research for Women Smt. Hiraben Nanavati Institute of Management & Research for Women 13/02/2019 Pritam Book Centre 399.00 10760 2 2 153.94 WIL B18326 HIMR-BK-18326 01/03/2025 17/02/2025 372.00 12/02/2019 Books B18326